Statistics for Narita Express (NEX) All Stations

Click here to take the quiz!

General Stats

  • This quiz has been taken 83 times
  • The average score is 16 of 21

Answer Stats

PrefectureStation% Correct
ChibaNarita
98%
TokyoTokyo
98%
ChibaNarita Airport
95%
TokyoShinagawa
94%
KanagawaYokohama
94%
TokyoShinjuku
91%
ChibaChiba
88%
SaitamaOmiya
88%
TokyoShibuya
85%
KanagawaOfuna
82%
TokyoIkebukuro
80%
TokyoHachioji
74%
ChibaAirport Terminal 2
69%
TokyoTachikawa
66%
KanagawaMusashi-Kosugi
65%
TokyoTakao
65%
TokyoMitaka
62%
TokyoKokubunji
60%
KanagawaTotsuka
58%
ChibaYotsukaido
52%
TokyoKichijoji
51%

Score Distribution

Percentile by Number Answered

Percent of People with Each Score

Your Score History

You have not taken this quiz